000 00522nmm a2200169Ia 4500
008 251105s9999||||xx |||||||||||||||||und||
020 _a8479085282
041 _aspa
100 _aRuiz Quemoun, F. E.
245 0 _aExpresiones idiomáticas. Español-Francés/Francés-Español
264 _a[Madrid, España] :
_bPublicaciones de la Universidad de Alicante,
_c2000
300 _a140 páginas
490 _aTraducción
650 _aLexicology
856 _uhttps://public.digitaliapublishing.com/a/645
942 _cCF
999 _c73539
_d73539